[Event "Dos Hermanas Internet Final"]
[Site "Internet Chess Club"]
[Date "2005.03.26"]
[Round "1.3"]
[White "Sundararajan, Kidambi"]
[Black "Volkov, Sergey"]
[Result "1-0"]
[WhiteElo "2473"]
[BlackElo "2612"]
[PlyCount "153"]
[EventDate "2005.03.26"]
[EventType "k.o. (rapid)"]
[EventCountry "ESP"]
[Source "lmi"]
[SourceDate "2005.03.28"]

1. d4 d5 2. c4 c6 3. Nf3 Nf6 4. Nc3 a6 5. c5 Nbd7 6. h3 Qc7 7. Bg5 h6 8. Bh4 g5
9. Bg3 Qa5 10. Nd2 Bg7 11. e3 Qd8 12. Be2 b6 13. b4 a5 14. a3 Bb7 15. O-O O-O
16. Nb3 Ba6 17. Bxa6 Rxa6 18. b5 cxb5 19. c6 Qc8 20. Nxb5 Qxc6 21. a4 Ne4 22.
Rc1 Qg6 23. Bh2 Raa8 24. Nc7 Rac8 25. Nxd5 Qe6 26. Nc7 Qg6 27. f3 Nd6 28. e4
Kh8 29. Rc6 Nb8 30. Rc1 Nd7 31. g4 Rfd8 32. Qd2 Ne8 33. Nd5 Qe6 34. Rxc8 Rxc8
35. Rc1 Ndf6 36. Rxc8 Qxc8 37. Nxb6 Qc6 38. Qxa5 Qc2 39. Qb5 Nd6 40. Bxd6 exd6
41. Qc4 Qb1+ 42. Kf2 Qa2+ 43. Kf1 Qb1+ 44. Ke2 Qa2+ 45. Nd2 Qa1 46. Qc8+ Kh7
47. Qf5+ Kh8 48. Qc8+ Kh7 49. Qc4 Kg8 50. Qc8+ Kh7 51. Qc4 Kg8 52. Qb4 Ne8 53.
Nc8 Bxd4 54. Nxd6 Bc3 55. Qb8 Qa2 56. Qxe8+ Kg7 57. Qxf7+ Qxf7 58. Nxf7 Kxf7
59. Nb3 Ke6 60. Kd3 Be1 61. a5 Bf2 62. a6 Ke5 63. Kc4 Kf4 64. Nc5 Kxf3 65. a7
Bxc5 66. Kxc5 Kg2 67. a8=Q Kxh3 68. Qa3+ Kxg4 69. Kd4 Kf4 70. e5 Kf5 71. e6
Kxe6 72. Ke4 Kf6 73. Qa6+ Kg7 74. Kf5 g4 75. Qb7+ Kf8 76. Kf6 Ke8 77. Qe7# 1-0

[Event "Dos Hermanas Internet Final"]
[Site "Internet Chess Club"]
[Date "2005.03.26"]
[Round "1.3"]
[White "Savchenko, Boris"]
[Black "Cheparinov, Ivan"]
[Result "1-0"]
[WhiteElo "2484"]
[BlackElo "2572"]
[PlyCount "113"]
[EventDate "2005.03.26"]
[EventType "k.o. (rapid)"]
[EventCountry "ESP"]
[Source "lmi"]
[SourceDate "2005.03.28"]

1. e4 c5 2. Nf3 e6 3. d4 cxd4 4. Nxd4 Nf6 5. Nc3 d6 6. g4 h6 7. Be3 a6 8. Qf3
Nbd7 9. Qg2 Ne5 10. Be2 g5 11. h4 Rg8 12. hxg5 hxg5 13. O-O-O b5 14. f4 gxf4
15. Bxf4 Qc7 16. a3 Bb7 17. g5 O-O-O 18. Rhf1 Nfd7 19. Kb1 Be7 20. Bh5 Rdf8 21.
Qe2 Nc4 22. g6 Nxa3+ 23. bxa3 Qxc3 24. gxf7 Rh8 25. Rd3 Qc4 26. Bg4 Nc5 27. e5
Bd5 28. exd6 Qa2+ 29. Kc1 Nxd3+ 30. Qxd3 Bf6 31. d7+ Kxd7 32. Nxe6 Ke7 33. Re1
Qa1+ 34. Kd2 Qc3+ 35. Qxc3 Bxc3+ 36. Kxc3 Kxf7 37. Nxf8 Rxf8 38. Bd6 Rg8 39.
Re7+ Kf6 40. Be2 Rc8+ 41. Kb2 Rc6 42. Rd7 Be6 43. Be7+ Kf5 44. Rb7 Bd5 45. Bd3+
Ke6 46. Ra7 Bc4 47. Bxc4+ bxc4 48. Bb4 Kd5 49. Kc3 Ke6 50. a4 Kd5 51. a5 Ke6
52. Rb7 Kd5 53. Rb6 Rxb6 54. axb6 Kc6 55. Ba5 Kb7 56. Kxc4 Kc6 57. Kd4 1-0

[Event "Dos Hermanas Internet Final"]
[Site "Internet Chess Club"]
[Date "2005.03.26"]
[Round "1.3"]
[White "Agamaliev, Gamil"]
[Black "Godena, Michele"]
[Result "1/2-1/2"]
[WhiteElo "2516"]
[BlackElo "2544"]
[PlyCount "110"]
[EventDate "2005.03.26"]
[EventType "k.o. (rapid)"]
[EventCountry "ESP"]
[Source "lmi"]
[SourceDate "2005.03.28"]

1. d4 d5 2. Nc3 Nf6 3. Bg5 Nbd7 4. f3 h6 5. Bh4 e6 6. e3 Be7 7. Bg3 O-O 8. Nb5
Ne8 9. Nh3 a6 10. Nc3 c5 11. Be2 b5 12. O-O Bb7 13. Kh1 Nd6 14. b3 Rc8 15. Nb1
Nf5 16. Bf2 e5 17. c3 Re8 18. Nd2 Bh4 19. g3 Bf6 20. g4 exd4 21. gxf5 dxe3 22.
Be1 Bxc3 23. Ne4 Bxa1 24. Nd6 Bf6 25. Nxb7 Qb6 26. Qxd5 Ne5 27. f4 Qc6 28. Qxc6
Nxc6 29. Nd6 Nd4 30. Nxe8 Rxe8 31. Bh5 e2 32. Rg1 Re3 33. Rg3 Rxg3 34. Bxg3 c4
35. bxc4 bxc4 36. Be1 Nc2 37. Bxe2 Nxe1 38. Bxc4 a5 39. Nf2 Nf3 40. Ne4 Bd4 41.
Nd6 Nd2 42. Bxf7+ Kf8 43. Be6 Be3 44. a4 Bxf4 45. Nb7 Bc7 46. Kg2 Ke7 47. Nc5
Kf6 48. Nd7+ Ke7 49. Nc5 Kf6 50. Nd3 Ne4 51. h4 Bd6 52. Bd7 Nc5 53. Nxc5 Bxc5
54. Kf3 Bb4 55. Kg4 Bc5 1/2-1/2

[Event "Dos Hermanas Internet Final"]
[Site "Internet Chess Club"]
[Date "2005.03.26"]
[Round "1.3"]
[White "Mamedov, Rauf"]
[Black "Fridman, Daniel"]
[Result "1/2-1/2"]
[WhiteElo "2494"]
[BlackElo "2569"]
[PlyCount "184"]
[EventDate "2005.03.26"]
[EventType "k.o. (rapid)"]
[EventCountry "ESP"]
[Source "lmi"]
[SourceDate "2005.03.28"]

1. e4 e5 2. Nf3 Nf6 3. Nxe5 d6 4. Nf3 Nxe4 5. Nc3 Nxc3 6. dxc3 Be7 7. Bd3 Nc6
8. h3 Ne5 9. Nxe5 dxe5 10. Qe2 Bd6 11. Be3 O-O 12. O-O-O Qf6 13. g4 Be6 14. Kb1
Rfe8 15. Be4 Rab8 16. h4 Qe7 17. Qd3 Kh8 18. g5 Bg4 19. f3 Bxf3 20. Bxf3 e4 21.
Bxe4 Qxe4 22. Qxe4 Rxe4 23. Bxa7 Rbe8 24. Bd4 Kg8 25. a4 Bf8 26. b3 g6 27. Bf6
Bg7 28. Rd7 Bxf6 29. gxf6 Rc8 30. Rhd1 h5 31. R1d4 Re6 32. Rf4 Kf8 33. c4 Ke8
34. Rd5 c6 35. Rd3 c5 36. a5 Ra8 37. Rd5 Rxa5 38. b4 Ra4 39. bxc5 Raa6 40. Rfd4
Rxf6 41. Rd8+ Ke7 42. R4d7+ Ke6 43. Rxb7 Rc6 44. Rd5 Rf4 45. Rdd7 Rxc4 46. Rxf7
R6xc5 47. Rbe7+ Kd6 48. Re2 Rxh4 49. Rf6+ Kd5 50. Rxg6 Rh1+ 51. Kb2 Rb5+ 52.
Kc3 Rh3+ 53. Kd2 Rb4 54. Rg5+ Kd6 55. Rf2 Rd4+ 56. Kc1 Rd5 57. Rg6+ Kc5 58. Rg8
h4 59. Rh8 Rh1+ 60. Kb2 h3 61. Rc8+ Kb6 62. Rf6+ Kb7 63. Rh8 Rd7 64. Rfh6 Rc7
65. Rxh3 Rxh3 66. Rxh3 Rg7 67. c3 Rf7 68. Kb3 Rg7 69. Rh6 Rf7 70. Kb4 Rf5 71.
c4 Rg5 72. Rd6 Rf5 73. Rd4 Rg5 74. Kc3 Kc6 75. Kb4 Rh5 76. Rg4 Rf5 77. Rg6+ Kc7
78. Re6 Rh5 79. Re4 Rg5 80. Re6 Rh5 81. c5 Rh1 82. Kc4 Rc1+ 83. Kd5 Rd1+ 84.
Kc4 Rc1+ 85. Kb4 Rb1+ 86. Kc3 Rc1+ 87. Kd4 Rd1+ 88. Kc4 Rc1+ 89. Kb5 Rb1+ 90.
Ka5 Ra1+ 91. Kb4 Rb1+ 92. Kc4 Rc1+ 1/2-1/2

[Event "Dos Hermanas Internet Final"]
[Site "Internet Chess Club"]
[Date "2005.03.26"]
[Round "1.3"]
[White "Zhao, Xue"]
[Black "Zhang, Pengxiang"]
[Result "1-0"]
[WhiteElo "2502"]
[BlackElo "2560"]
[PlyCount "109"]
[EventDate "2005.03.26"]
[EventType "k.o. (rapid)"]
[EventCountry "ESP"]
[Source "lmi"]
[SourceDate "2005.03.28"]

1. d4 d5 2. Nf3 Nf6 3. c4 dxc4 4. e3 g6 5. Bxc4 Bg7 6. O-O O-O 7. Nc3 Ne8 8. h3
Nd6 9. Be2 Bf5 10. b3 Ne4 11. Bb2 Nxc3 12. Bxc3 Nd7 13. Rc1 c6 14. Nd2 Nb6 15.
Bb2 Qd7 16. Bf3 Rfd8 17. Ne4 Bxe4 18. Bxe4 e5 19. dxe5 Qe7 20. Qc2 Bxe5 21.
Bxe5 Qxe5 22. Rfd1 Nd5 23. Qc4 Nf6 24. Bf3 Qa5 25. b4 Qa3 26. g3 a6 27. Kg2 Nd5
28. Rb1 Rac8 29. Rd4 Qc3 30. Qc5 b6 31. Qxc3 Nxc3 32. Rxd8+ Rxd8 33. Rb2 c5 34.
bxc5 bxc5 35. Rc2 Rd3 36. Bb7 Nd1 37. Bxa6 Ra3 38. Bc4 Rc3 39. Rxc3 Nxc3 40.
Kf3 Kf8 41. e4 Ke7 42. Ke3 Nd1+ 43. Ke2 Nb2 44. Bb5 c4 45. Kd2 Nd3 46. f3 Ne5
47. f4 Nf3+ 48. Kc3 Ng1 49. Bxc4 Nxh3 50. a4 g5 51. a5 gxf4 52. a6 Kd6 53. a7
fxg3 54. a8=Q g2 55. e5+ 1-0

[Event "Dos Hermanas Internet Final"]
[Site "Internet Chess Club"]
[Date "2005.03.26"]
[Round "1.4"]
[White "Godena, Michele"]
[Black "Agamaliev, Gamil"]
[Result "0-1"]
[WhiteElo "2544"]
[BlackElo "2516"]
[PlyCount "64"]
[EventDate "2005.03.26"]
[EventType "k.o. (rapid)"]
[EventCountry "ESP"]
[Source "lmi"]
[SourceDate "2005.03.28"]

1. e4 e5 2. Nf3 Qe7 3. Nc3 c6 4. d4 d6 5. Bc4 h6 6. Qe2 Nf6 7. h3 Nbd7 8. a4 g6
9. b3 exd4 10. Nxd4 Bg7 11. Bb2 O-O 12. O-O Nh5 13. Rad1 Ne5 14. Qe3 Nxc4 15.
bxc4 Be6 16. Nd5 Bxd5 17. cxd5 c5 18. Nf5 gxf5 19. Bxg7 Nxg7 20. Qxh6 fxe4 21.
Rfe1 f5 22. f3 Rae8 23. fxe4 fxe4 24. Rd2 Qf6 25. Qe3 Qf4 26. Rde2 Qxe3+ 27.
Rxe3 Re5 28. c4 Rfe8 29. a5 Nf5 30. Rb3 R8e7 31. g4 Nd4 32. Rb2 Nf3+ 0-1

[Event "Dos Hermanas Internet Final"]
[Site "Internet Chess Club"]
[Date "2005.03.26"]
[Round "1.4"]
[White "Bocharov, Dmitry"]
[Black "Wang, Rui"]
[Result "1-0"]
[WhiteElo "2585"]
[BlackElo "2478"]
[PlyCount "93"]
[EventDate "2005.03.26"]
[EventType "k.o. (rapid)"]
[EventCountry "ESP"]
[Source "lmi"]
[SourceDate "2005.03.28"]

1. d4 d5 2. Nf3 Nf6 3. c4 dxc4 4. e3 g6 5. Bxc4 Bg7 6. O-O O-O 7. Nc3 Ne8 8.
Be2 Nc6 9. Qc2 Nd6 10. Rd1 a6 11. h3 Bd7 12. e4 e5 13. Bg5 f6 14. Be3 f5 15.
dxe5 fxe4 16. Nxe4 Nxe5 17. Nxd6 cxd6 18. Nxe5 Bxe5 19. Bd4 Bxd4 20. Qc4+ Kg7
21. Qxd4+ Qf6 22. Rac1 Bc6 23. f3 Rae8 24. Qxf6+ Rxf6 25. Kf2 d5 26. Rd2 Rf4
27. Bxa6 h5 28. Bf1 g5 29. Re1 Ra8 30. a3 g4 31. hxg4 hxg4 32. Be2 gxf3 33.
Bxf3 Raf8 34. Red1 R4f5 35. Kg1 Rd8 36. Rd4 Kf6 37. b4 Ke5 38. b5 Bxb5 39.
Rxd5+ Rxd5 40. Rxd5+ Ke6 41. Rxf5 Kxf5 42. Bxb7 Kf4 43. Kf2 Ba4 44. Bf3 Bb5 45.
g3+ Kg5 46. Ke3 Kf6 47. Kd4 1-0

[Event "Dos Hermanas Internet Final"]
[Site "Internet Chess Club"]
[Date "2005.03.26"]
[Round "1.4"]
[White "Volkov, Sergey"]
[Black "Sundararajan, Kidambi"]
[Result "1-0"]
[WhiteElo "2612"]
[BlackElo "2473"]
[PlyCount "117"]
[EventDate "2005.03.26"]
[EventType "k.o. (rapid)"]
[EventCountry "ESP"]
[Source "lmi"]
[SourceDate "2005.03.28"]

1. d4 d5 2. c4 c6 3. Nf3 Nf6 4. e3 Bf5 5. Nc3 e6 6. Nh4 Bg6 7. Be2 Nbd7 8. Nxg6
hxg6 9. h3 Bd6 10. Qb3 Rb8 11. Bd2 dxc4 12. Qxc4 O-O 13. O-O e5 14. Rad1 Qe7
15. Rfe1 e4 16. Qa4 Ra8 17. Bc1 Nb6 18. Qc2 Rfe8 19. f3 exf3 20. Bxf3 c5 21.
Qf2 Nh5 22. Bxh5 gxh5 23. Nb5 Rad8 24. Nxd6 Rxd6 25. Rf1 Rf6 26. Qg3 Nd5 27. e4
Rxf1+ 28. Rxf1 Qxe4 29. dxc5 Qd4+ 30. Qf2 Qxf2+ 31. Rxf2 Re1+ 32. Rf1 Re2 33.
a3 a5 34. Rd1 Nf6 35. Bd2 a4 36. Kf1 Re5 37. Bb4 Ne4 38. Rd8+ Kh7 39. Rd7 Nxc5
40. Rxf7 Nd3 41. Rxb7 Rd5 42. Bc3 Rg5 43. Ra7 Nc5 44. Ra5 Ne4 45. Rxg5 Nxg5 46.
Ke2 Ne4 47. Kd3 Nf2+ 48. Kc4 Kg6 49. Kb4 Nd3+ 50. Kxa4 Nf4 51. Kb5 Nxg2 52. a4
Nf4 53. a5 Nxh3 54. a6 h4 55. a7 Nf2 56. a8=Q h3 57. Qf3 h2 58. Qg2+ Kf5 59.
Qxf2+ 1-0

[Event "Dos Hermanas Internet Final"]
[Site "Internet Chess Club"]
[Date "2005.03.26"]
[Round "1.4"]
[White "Fridman, Daniel"]
[Black "Mamedov, Rauf"]
[Result "1-0"]
[WhiteElo "2569"]
[BlackElo "2494"]
[PlyCount "101"]
[EventDate "2005.03.26"]
[EventType "k.o. (rapid)"]
[EventCountry "ESP"]
[Source "lmi"]
[SourceDate "2005.03.28"]

1. e4 c5 2. Nf3 d6 3. Bb5+ Nd7 4. d4 Ngf6 5. Nc3 a6 6. Bxd7+ Nxd7 7. O-O e6 8.
Bg5 Qc7 9. d5 e5 10. a4 h6 11. Bh4 g5 12. Bg3 Bg7 13. Nd2 Nf6 14. Nc4 O-O 15.
a5 Bg4 16. f3 Bh5 17. Ne3 Bg6 18. Bf2 Nh5 19. g4 Nf4 20. Bg3 c4 21. Kh1 Rac8
22. Ra4 Qd8 23. Nxc4 h5 24. Ne3 hxg4 25. fxg4 b5 26. axb6 Qxb6 27. Qc1 Rb8 28.
Nf5 Qxb2 29. Qxb2 Rxb2 30. Rxa6 Rxc2 31. Nb5 Bxf5 32. gxf5 Bf6 33. Rxd6 Kg7 34.
Rc6 Rb2 35. Nd6 Rh8 36. Rc7 Rf8 37. Ra1 Nh5 38. Raa7 Rb1+ 39. Kg2 Rb2+ 40. Kg1
Rb1+ 41. Kg2 Rb2+ 42. Kf3 Nxg3 43. hxg3 g4+ 44. Kxg4 Rg8 45. Nxf7 Kf8+ 46. Kh3
Rb1 47. Ra8+ Kg7 48. Nd6+ Be7 49. Rxe7+ Kh6 50. Rxg8 Rh1+ 51. Kg2 1-0

[Event "Dos Hermanas Internet Final"]
[Site "Internet Chess Club"]
[Date "2005.03.26"]
[Round "1.4"]
[White "Nogueiras, Jesus"]
[Black "Todorovic, Goran M"]
[Result "0-1"]
[WhiteElo "2545"]
[BlackElo "2511"]
[PlyCount "104"]
[EventDate "2005.03.26"]
[EventType "k.o. (rapid)"]
[EventCountry "ESP"]
[Source "lmi"]
[SourceDate "2005.03.28"]

1. d4 f5 2. Bg5 g6 3. Nd2 Nh6 4. e4 Nf7 5. Be3 fxe4 6. Nxe4 Bg7 7. Nf3 d5 8.
Neg5 Nxg5 9. Nxg5 O-O 10. Be2 Nc6 11. f4 Bf5 12. c3 Qd7 13. O-O a6 14. g4 Be6
15. Nxe6 Qxe6 16. Qd2 Qd6 17. Rf2 e6 18. Raf1 Rae8 19. Bd3 Ne7 20. Qe2 Bh6 21.
Rf3 Rf7 22. Qf2 Ref8 23. Qh4 Bg7 24. Rh3 Bf6 25. Qe1 b6 26. Rhf3 c5 27. Qf2
cxd4 28. Bxd4 Bxd4 29. Qxd4 b5 30. Kg2 Nc6 31. Qe3 Qd7 32. h3 e5 33. fxe5 Rxf3
34. Rxf3 Rxf3 35. Kxf3 Qe6 36. Kg2 Nxe5 37. Be2 Qf6 38. Qd4 Qd6 39. Bf3 Nxf3
40. Kxf3 Qe6 41. Qe3 Qf6+ 42. Qf4 Kf7 43. h4 a5 44. a3 Ke6 45. Qxf6+ Kxf6 46.
Kf4 h6 47. Kf3 Ke5 48. Ke3 a4 49. h5 g5 50. Kd3 Kf4 51. Kd4 Kxg4 52. Kxd5 Kf4
0-1

[Event "Dos Hermanas Internet Final"]
[Site "Internet Chess Club"]
[Date "2005.03.26"]
[Round "1.4"]
[White "Zhang, Pengxiang"]
[Black "Zhao, Xue"]
[Result "0-1"]
[WhiteElo "2560"]
[BlackElo "2502"]
[PlyCount "138"]
[EventDate "2005.03.26"]
[EventType "k.o. (rapid)"]
[EventCountry "ESP"]
[Source "lmi"]
[SourceDate "2005.03.28"]

1. e4 e5 2. Nf3 Nc6 3. Bb5 a6 4. Ba4 Nf6 5. O-O Be7 6. Re1 b5 7. Bb3 d6 8. c3
O-O 9. d4 Bg4 10. Be3 exd4 11. cxd4 Na5 12. Bc2 c5 13. d5 Nc4 14. Bc1 Nd7 15.
h3 Bh5 16. g4 Bg6 17. Nfd2 Ndb6 18. Nxc4 Nxc4 19. f4 Bf6 20. Nc3 Bd4+ 21. Kg2
f6 22. Rb1 Re8 23. Qf3 Ra7 24. Ne2 Rae7 25. Nxd4 cxd4 26. b3 Nb6 27. Bd2 Qa8
28. Bd3 Bf7 29. Kf2 Nd7 30. Bb4 Nc5 31. Bxc5 dxc5 32. Rbc1 Qa7 33. Kf1 Qc7 34.
Qf2 Qd6 35. h4 Rc7 36. g5 Kf8 37. gxf6 gxf6 38. Rc2 Rce7 39. Rce2 Bh5 40. e5
Bxe2+ 41. Rxe2 Qxd5 42. Be4 Qd7 43. Qf3 fxe5 44. f5 Rf7 45. Rg2 Ke7 46. Qg3 Kd6
47. Qg5 Kc7 48. Qh6 Qd6 49. Qh5 Ref8 50. Ke1 c4 51. bxc4 bxc4 52. Rb2 Kc8 53.
Qg4 Qf6 54. Qe2 d3 55. Qf2 Qd6 56. Kd1 Qd4 57. Qg2 c3 58. Rb3 c2+ 59. Kd2 Rc7
60. Bb7+ Kd8 61. Qg5+ Re7 62. Rxd3 c1=Q+ 63. Kxc1 Qxd3 64. Be4 Qxe4 65. f6 Qc4+
66. Kd1 Rd7+ 67. Ke1 Qe4+ 68. Kf2 Qf4+ 69. Qxf4 exf4 0-1

[Event "Dos Hermanas Internet Final"]
[Site "Internet Chess Club"]
[Date "2005.03.26"]
[Round "1.4"]
[White "Guseinov, Gadir"]
[Black "Lie, Kjetil Aleksander"]
[Result "1/2-1/2"]
[WhiteElo "2574"]
[BlackElo "2481"]
[PlyCount "134"]
[EventDate "2005.03.26"]
[EventType "k.o. (rapid)"]
[EventCountry "ESP"]
[Source "lmi"]
[SourceDate "2005.03.28"]

1. e4 c5 2. c3 d6 3. d4 Nf6 4. Bd3 g6 5. Nf3 Bg7 6. h3 O-O 7. O-O Nc6 8. d5 Ne5
9. c4 Nxd3 10. Qxd3 b5 11. cxb5 a6 12. Nc3 axb5 13. Nxb5 Ba6 14. a4 Nxe4 15.
Qxe4 Bxb5 16. Re1 Qd7 17. Bg5 Rxa4 18. Rxa4 Bxa4 19. Bxe7 Re8 20. Qh4 Bb3 21.
Bf6 Bxd5 22. Bxg7 Kxg7 23. Rxe8 Qxe8 24. Qf4 Bxf3 25. gxf3 Qe5 26. Qd2 d5 27.
Kf1 c4 28. Qb4 Qf5 29. Kg2 Qd3 30. Qc5 Qd2 31. Qb5 h6 32. Kf1 Qc2 33. Kg2 Qf5
34. Qc5 Qe5 35. Kf1 Qxb2 36. Qxd5 Qc3 37. Kg2 Qd3 38. Qe5+ Kh7 39. Qc7 Qd5 40.
h4 Kg7 41. Kg3 Qd4 42. f4 c3 43. Kg2 Qe4+ 44. Kg3 c2 45. Qc3+ Kh7 46. Qc7 Qd3+
47. Kg2 Qd5+ 48. Kg3 h5 49. Qxc2 Kh6 50. Qe2 Qf5 51. Qf3 Qf6 52. Kg2 Qe6 53.
Qg3 Qe4+ 54. Kh2 Kg7 55. Qg5 Qf3 56. Qg3 Qe2 57. Kg2 Qe4+ 58. Qf3 Qxf3+ 59.
Kxf3 Kf6 60. Ke4 Ke6 61. f5+ gxf5+ 62. Kf4 Kf6 63. f3 Kg6 64. Ke5 f4 65. Kxf4
Kf6 66. Ke4 Ke6 67. Kf4 Kf6 1/2-1/2

[Event "Dos Hermanas Internet Final"]
[Site "Internet Chess Club"]
[Date "2005.03.26"]
[Round "1.5"]
[White "Guseinov, Gadir"]
[Black "Lie, Kjetil Aleksander"]
[Result "1-0"]
[WhiteElo "2574"]
[BlackElo "2481"]
[PlyCount "93"]
[EventDate "2005.03.26"]
[EventType "k.o. (rapid)"]
[EventCountry "ESP"]
[Source "lmi"]
[SourceDate "2005.03.28"]

1. e4 c5 2. Nf3 g6 3. d4 cxd4 4. Nxd4 Bg7 5. Nc3 Nc6 6. Be3 Nf6 7. Bc4 Qa5 8.
O-O O-O 9. Nb3 Qc7 10. Bg5 a6 11. a4 Nb4 12. Be2 d5 13. exd5 Rd8 14. Bf3 Be6
15. Qe2 Nfxd5 16. Nxd5 Bxd5 17. Qxe7 Qxe7 18. Bxe7 Nxc2 19. Rad1 Rd7 20. Bh4
Nb4 21. Nc5 Rd6 22. Be7 Bxf3 23. Rxd6 Bc6 24. Nxb7 Bxb7 25. Rb6 Bxg2 26. Kxg2
Nd5 27. Rb7 Nxe7 28. Rxe7 Bxb2 29. Rb1 Bc3 30. Rbb7 Rf8 31. Rec7 Bd2 32. Rd7
Bc3 33. Rb3 Be1 34. Kf1 Ba5 35. Ra7 Rc8 36. Rxa6 Rc1+ 37. Kg2 Bd2 38. Ra7 Rc2
39. Rf3 Kg7 40. Raxf7+ Kh6 41. Rd7 Be1 42. Rd1 Ba5 43. Rd5 Bb6 44. a5 Ba7 45.
a6 Ra2 46. Rh3+ Kg7 47. Rd7+ 1-0

[Event "Dos Hermanas Internet Final"]
[Site "Internet Chess Club"]
[Date "2005.03.26"]
[Round "1.5"]
[White "Todorovic, Goran M"]
[Black "Nogueiras, Jesus"]
[Result "0-1"]
[WhiteElo "2511"]
[BlackElo "2545"]
[PlyCount "130"]
[EventDate "2005.03.26"]
[EventType "k.o. (rapid)"]
[EventCountry "ESP"]
[Source "lmi"]
[SourceDate "2005.03.28"]

1. e4 e6 2. d4 d5 3. Nd2 Ne7 4. Ngf3 Ng6 5. h4 h5 6. e5 c5 7. c3 Nc6 8. g3 cxd4
9. cxd4 Qb6 10. Nb1 Nge7 11. Bd3 Bd7 12. O-O Nxd4 13. Nxd4 Qxd4 14. Qe2 Nc6 15.
Bf4 Nb4 16. Bb5 Qb6 17. Bxd7+ Kxd7 18. Nc3 Be7 19. Rfd1 g6 20. a3 Nc6 21. Nxd5
exd5 22. Rxd5+ Ke8 23. e6 Qb3 24. exf7+ Kxf7 25. Rb5 Nd4 26. Rxb3 Nxe2+ 27. Kg2
Nxf4+ 28. gxf4 b6 29. Rd1 Rad8 30. Rc1 Rc8 31. Rbc3 Rxc3 32. Rxc3 Bxh4 33. Rc7+
Kf6 34. Rxa7 Re8 35. Rb7 Re6 36. Kf3 Rd6 37. a4 Ke6 38. b4 Bf6 39. Rc7 Bd4 40.
Rc8 h4 41. Rc7 h3 42. Rh7 Bc3 43. b5 Bb4 44. Ke4 Bc5 45. Kf3 Kf5 46. Ke2 Re6+
47. Kd3 Rd6+ 48. Ke2 Re6+ 49. Kd3 Rd6+ 50. Kc3 Kxf4 51. Rxh3 g5 52. Rh7 Bxf2
53. Rf7+ Ke3 54. Kc2 g4 55. Re7+ Kf3 56. Rc7 g3 57. Rc6 Rd8 58. Rf6+ Kg2 59. a5
bxa5 60. Kb3 Kf1 61. Rc6 g2 62. Rc1+ Be1 63. b6 g1=Q 64. b7 Qb6+ 65. Ka2 Rd2+
0-1

[Event "Dos Hermanas Internet Final"]
[Site "Internet Chess Club"]
[Date "2005.03.26"]
[Round "2.1"]
[White "Agamaliev, Gamil"]
[Black "Sakaev, Konstantin"]
[Result "0-1"]
[WhiteElo "2516"]
[BlackElo "2677"]
[PlyCount "82"]
[EventDate "2005.03.26"]
[EventType "k.o. (rapid)"]
[EventCountry "ESP"]
[Source "lmi"]
[SourceDate "2005.03.28"]

1. d4 d5 2. Nc3 Nf6 3. Bg5 Bf5 4. f3 Bg6 5. Qd2 c6 6. Nh3 h6 7. Bh4 b5 8. e3
Nbd7 9. Nf4 Bh7 10. Nd3 e6 11. Ne5 Rc8 12. Nxd7 Qxd7 13. Bd3 Bxd3 14. cxd3 Be7
15. O-O O-O 16. Rac1 a6 17. Rc2 c5 18. dxc5 Rxc5 19. Bxf6 Bxf6 20. Ne4 Rxc2 21.
Nxf6+ gxf6 22. Qxc2 Rc8 23. Qf2 Qd6 24. f4 Kf8 25. Qh4 Ke7 26. Qxh6 Rc2 27. g4
Qb4 28. g5 Qd2 29. gxf6+ Kd7 30. Qh3 Rxb2 31. d4 Rxa2 32. f5 exf5 33. Qxf5+ Kc7
34. Qe5+ Kb6 35. Qg3 b4 36. h4 Rc2 37. h5 b3 38. Qd6+ Ka5 39. Qa3+ Kb5 40.
Qxb3+ Kc6 41. Qa4+ Kc7 0-1

[Event "Dos Hermanas Internet Final"]
[Site "Internet Chess Club"]
[Date "2005.03.26"]
[Round "2.1"]
[White "Milanovic, Danilo"]
[Black "Petrosian, Tigran L"]
[Result "1/2-1/2"]
[WhiteElo "2447"]
[BlackElo "2568"]
[PlyCount "140"]
[EventDate "2005.03.26"]
[EventType "k.o. (rapid)"]
[EventCountry "ESP"]
[Source "lmi"]
[SourceDate "2005.03.28"]

1. d4 d5 2. c4 e6 3. Nf3 c5 4. e3 Nc6 5. Nc3 Nf6 6. a3 cxd4 7. exd4 Be7 8. Bd3
dxc4 9. Bxc4 O-O 10. O-O b6 11. Qd3 Bb7 12. Ba2 Nd5 13. Nxd5 exd5 14. Bf4 Rc8
15. Rfe1 Bf6 16. Ne5 Re8 17. Rad1 a5 18. Bb1 g6 19. h3 Re6 20. Ba2 Nxe5 21.
dxe5 Qe7 22. Bxd5 Rd8 23. Qf3 Rxd5 24. Rxd5 h5 25. Qd3 Bxd5 26. Qxd5 Bg7 27.
Re3 Qh4 28. Bg3 Qa4 29. h4 Qe8 30. f4 Bf8 31. Rd3 a4 32. Kh2 Bc5 33. Qd8 Kg7
34. Qxe8 Rxe8 35. Be1 f6 36. Bc3 fxe5 37. Bxe5+ Kf7 38. g4 Ke6 39. Kg3 b5 40.
Rd2 b4 41. axb4 Bxb4 42. Rd4 Be1+ 43. Kh3 Rc8 44. Rxa4 Rc2 45. Ra6+ Kd5 46.
gxh5 gxh5 47. Rh6 Ke4 48. Rxh5 Kf3 49. f5 Bf2 50. f6 Ke4 51. Bg3 Bxg3 52. Kxg3
Rc6 53. Rh6 Kf5 54. b4 Rb6 55. f7 Rb8 56. Rd6 Rf8 57. Rd7 Ke6 58. Rc7 Kf6 59.
Ra7 Kg7 60. b5 Rb8 61. Kg4 Rxb5 62. Rd7 Rb4+ 63. Kg5 Rb5+ 64. Kg4 Rb4+ 65. Kf5
Rxh4 66. Ke6 Re4+ 67. Kd5 Rf4 68. Ke6 Rf6+ 69. Ke5 Rxf7 70. Rxf7+ Kxf7 1/2-1/2

[Event "Dos Hermanas Internet Final"]
[Site "Internet Chess Club"]
[Date "2005.03.26"]
[Round "2.1"]
[White "Savchenko, Boris"]
[Black "Volkov, Sergey"]
[Result "1/2-1/2"]
[WhiteElo "2484"]
[BlackElo "2612"]
[PlyCount "213"]
[EventDate "2005.03.26"]
[EventType "k.o. (rapid)"]
[EventCountry "ESP"]
[Source "lmi"]
[SourceDate "2005.03.28"]

1. e4 e6 2. d4 d5 3. Nc3 Nf6 4. Bg5 Bb4 5. e5 h6 6. Be3 Ne4 7. Qg4 Kf8 8. Nge2
c5 9. f3 cxd4 10. Bxd4 Nxc3 11. Bxc3 Bxc3+ 12. Nxc3 Nc6 13. f4 Qa5 14. Kd1 Qb4
15. Qg3 Qxb2 16. Rb1 Qa3 17. Bb5 Bd7 18. Qd3 Rc8 19. Bxc6 Bxc6 20. Qd4 b6 21.
Kd2 Ke7 22. Rb4 Rc7 23. f5 Rhc8 24. Rf1 Bd7 25. Rf3 Ke8 26. fxe6 Bxe6 27. Ra4
Qc5 28. Qxc5 bxc5 29. Nb5 Rd7 30. Nd6+ Rxd6 31. exd6 Kd7 32. Rxa7+ Kxd6 33. a4
d4 34. a5 c4 35. a6 c3+ 36. Kc1 Rc5 37. h3 Ra5 38. Kd1 Bd5 39. Ke2 Ra1 40. Kd3
Rd1+ 41. Ke2 Rd2+ 42. Ke1 Rxc2 43. Rd3 Rc1+ 44. Kf2 Ke5 45. Re7+ Be6 46. a7 Ra1
47. Rc7 Ra2+ 48. Kg3 Bd5 49. h4 Rxg2+ 50. Kh3 Ra2 51. Kg3 f5 52. Re7+ Kd6 53.
Re1 g5 54. hxg5 hxg5 55. Rxd4 Rxa7 56. Red1 Ra5 57. R4d3 Rc5 58. Rc1 c2 59. Rd2
Ke5 60. Rcxc2 Ra5 61. Re2+ Be4 62. Rc8 Ra3+ 63. Kf2 g4 64. Rc1 Kf4 65. Rce1 Rh3
66. Rf1 g3+ 67. Ke1+ Kg4 68. Rg1 Rh8 69. Re3 Rh3 70. Kf1 Kf4 71. Re1 g2+ 72.
Rxg2 Bxg2+ 73. Kxg2 Ra3 74. Re2 Kg4 75. Rc2 f4 76. Kf2 Rf3+ 77. Kg2 Rg3+ 78.
Kf2 Rh3 79. Kg2 Rh8 80. Rc7 f3+ 81. Kg1 Rg8 82. Kf2 Rf8 83. Rg7+ Kf4 84. Rg3
Ke4 85. Rg4+ Ke5 86. Rh4 Rf7 87. Rg4 Rf6 88. Ra4 Rf4 89. Ra5+ Kf6 90. Ra8 Kf5
91. Rf8+ Kg4 92. Rg8+ Kf5 93. Rf8+ Ke5 94. Re8+ Kd6 95. Rd8+ Ke5 96. Re8+ Kf5
97. Rf8+ Kg4 98. Rg8+ Kh5 99. Rh8+ Kg5 100. Rg8+ Kh5 101. Rh8+ Kg4 102. Rg8+
Kh4 103. Rh8+ Kg5 104. Rg8+ Kh6 105. Rg3 Kh5 106. Rxf3 Rxf3+ 107. Kxf3 1/2-1/2

[Event "Dos Hermanas Internet Final"]
[Site "Internet Chess Club"]
[Date "2005.03.26"]
[Round "2.2"]
[White "Bocharov, Dmitry"]
[Black "Smeets, Jan"]
[Result "1/2-1/2"]
[WhiteElo "2585"]
[BlackElo "2475"]
[PlyCount "70"]
[EventDate "2005.03.26"]
[EventType "k.o. (rapid)"]
[EventCountry "ESP"]
[Source "lmi"]
[SourceDate "2005.03.28"]

1. d4 d5 2. c4 c6 3. Nf3 Nf6 4. Nc3 dxc4 5. a4 Bf5 6. Nh4 Bd7 7. e4 e6 8. g3
Bb4 9. Bg2 c5 10. d5 exd5 11. exd5 O-O 12. O-O Re8 13. Qc2 Na6 14. Bf4 Ba5 15.
Nb5 Nb4 16. Qxc4 Nfxd5 17. Bxd5 Nxd5 18. Qxd5 Bxb5 19. Qxd8 Bxd8 20. axb5 g5
21. Rfe1 Rxe1+ 22. Rxe1 Bf6 23. Be5 Bxe5 24. Rxe5 gxh4 25. Rxc5 hxg3 26. hxg3
Rd8 27. Rc7 b6 28. Rxa7 Rd5 29. Rc7 Rxb5 30. Rc2 Kg7 31. Kg2 Rb3 32. Re2 Kg6
33. Kh3 h5 34. f4 f6 35. Kh4 Rb5 1/2-1/2